Pagbasa at pagsulat : (Record no. 354766)
[ view plain ]
| 000 -LEADER | |
|---|---|
| fixed length control field | 00364nam a2200109Ia 4500 |
| 008 - FIXED-LENGTH DATA ELEMENTS--GENERAL INFORMATION | |
| fixed length control field | 180205s9999 xx 000 0 und d |
| 020 ## - INTERNATIONAL STANDARD BOOK NUMBER | |
| International Standard Book Number | 9789712346958 |
| 100 ## - MAIN ENTRY--PERSONAL NAME | |
| Personal name | Mendoza, Zenaida M. |
| 245 ## - TITLE STATEMENT | |
| Statement of responsibility, etc | Romero, Marcela L. |
| Title | Pagbasa at pagsulat : |
| Remainder of title | Sa iba't ibang disiplina sa antas tersarya |
| 260 ## - PUBLICATION, DISTRIBUTION, ETC. (IMPRINT) | |
| Place of publication, distribution, etc | Recto Avenue City |
| Name of publisher, distributor, etc | REX bookstore |
| Date of publication, distribution, etc | 2007 |
| 300 ## - PHYSICAL DESCRIPTION | |
| Extent | iii, 327 pages |
| Withdrawn status | Lost status | Damaged status | Home library | Current library | Shelving location | Date acquired | Source of acquisition | Total Checkouts | Full call number | Barcode | Date last seen | Price effective from | Koha item type |
|---|---|---|---|---|---|---|---|---|---|---|---|---|---|
| College Library | College Library | Filipiniana Section | 02/05/2018 | Library Fund | PL 6055 .M523 2007 | C8694 | 05/08/2018 | 02/05/2018 | Books |